Construcción de invernaderos /
Guardado en:
| Autor Principal: | |
|---|---|
| Formato: | Libro |
| Publicado: |
Madrid :
Mundi-prensa,
1994
|
| Materias: | |
| Etiquetas: |
Agregar Etiqueta
Sin Etiquetas, Sea el primero en etiquetar este registro!
|
| LEADER | 00933nam a22002055a 4500 | ||
|---|---|---|---|
| 001 | CEM.cems016775 | ||
| 005 | 20110517081919.0 | ||
| 008 | 130507s1994##################000#0#####d | ||
| 003 | CEMS | ||
| 020 | |a 8471144883 | ||
| 082 | 0 | 4 | |a 631.2 |
| 100 | 1 | |a Serrano Cermeño, Zoilo | |
| 245 | 1 | 0 | |a Construcción de invernaderos / |c Zoilo Serrano Cermeño |
| 260 | |a Madrid : |b Mundi-prensa, |c 1994 | ||
| 300 | |a 441 p. | ||
| 505 | 0 | |a Invernadero de madera -- Invernadero tipo canarias -- Invernadero de hormigón -- Invernadero parral -- Invernadero túnel - Invernadero bi-túnel -- Invernadero multi-túnel -- Invernadero enterrado -- Datos climatológicos correspondientes a las provincias y comarcas españolas en las que la instalción de invernaderos tiene o puede tener interes | |
| 653 | |a Invernaderos | ||
| 653 | |a Invernadero-construcción | ||
| 653 | |a Instalaciones rurales | ||
| 859 | |a CEMS |b BIB. CEMS - Agricultura |h 631.2 |i Se68 |p A0082.00 |t Ej.1 | ||
